000 01188nam0a22002531 4500
001 rc\1148449
005 20260407021519.0
035 _a(NLR Aleph) 006394131
090 _a5177354
_c5177354
100 _a20041129d1980 |||y0rusy50 ca
101 0 _arus
102 _aRU
105 _aa |||||||||
200 1 _aМетодические рекомендации по использованию сестона в качестве удобрений под сельскохозяйственные растения
_fАН УССР, Ин-т гидробиологии и др.
_g[Сост. Л.Г. Бранцевич и др.]
210 _aКиев
_cНаукова думка
_d1980
215 _a38 с.
_cил.
_d20
300 _aВ надзаг. также: Ин-т гидромеханики, Киев. гос. ун-т им. Т.Г. Шевченко, Ин-т гигиены питания
702 1 _aБранцевич
_bЛ.Г.
_gЛариса Георгиевна
_4220
712 0 2 _aИнститут гидробиологии
_cКиев
_3RU\NLR\AUTH\8810006478
_9510467
801 0 _aRU
_bNLR
_gpsbo
801 1 _aRU
_bELAR
_2rusmarc
852 _aNLR
_j81-4/13190
942 _cBOOK
980 _aNB